Fictional Characters Who Are Green Quiz Stats

 Plays Quiz Updated Jun 23, 2017

Support Sporcle.
Go Orange.
Score 0/35 Timer 08:00
8 Plays Today
Row Character % Correct
Row 1 AcrossThe Incredible Hulk
97.7%
Row 1 AcrossKermit the Frog
96.8%
Row 5 AcrossShrek
95.1%
Row 2 AcrossThe Grinch
93.8%
Row 1 AcrossYoda
92.6%
Row 1 AcrossThe Monster in Frankenstein
92.6%
Row 1 AcrossThe Jolly Green Giant
88.7%
Row 1 AcrossGreen M&M
87.8%
Row 1 AcrossThe Wicked Witch of the West
86.4%
Row 3 AcrossThe Mask
85.6%
Row 5 AcrossLeonardo
81.4%
Row 2 AcrossGreen Lantern
80.8%
Row 5 AcrossOscar the Grouch
80.2%
Row 2 AcrossThe GEICO Gecko
79.5%
Row 5 AcrossGood Luck the Care Bear
75%
Row 4 AcrossJiminy Cricket
70.3%
Row 4 AcrossMike Wazowski
70.1%
Row 2 AcrossGumby
69.9%
Row Character % Correct
Row 5 AcrossGreen Power Ranger
66.9%
Row 4 AcrossLittle Green Men
49.2%
Row 4 AcrossFranklin
46.6%
Row 3 AcrossGreen Goblin
46.1%
Row 2 AcrossThe Green Hornet
39.9%
Row 3 AcrossGreen Arrow
33.9%
Row 2 AcrossMr. Toad
30.6%
Row 4 AcrossSlimer
29.3%
Row 3 AcrossCount Duckula
23.1%
Row 3 AcrossSwamp Thing
18.1%
Row 4 AcrossThe Great Gazoo
14.8%
Row 3 AcrossMr. Yuk
14.1%
Row 5 AcrossDig'em Frog
12.9%
Row 5 AcrossBroom-Hilda
11.2%
Row 4 AcrossWally Gator
10.5%
Row 3 AcrossPlucky Duck
9.3%
Row 2 AcrossCecil
6.3%

You're not logged in!

Compare scores with friends on all Sporcle quizzes.
OR
Log In
Forgot?

From the Vault

Masters Winners

by Ben

Mastering this quiz will not get you a fancy green jacket, but it will let you impress your friends at all those wild golf parties!
Remove Ads.
Support Sporcle.
Get the best of Sporcle when you Go Orange. This ad-free experience offers more features, more stats, and more fun while also helping to support Sporcle. Thank you for becoming a member.

Show Comments

Extras

Top Quizzes Today


Score Distribution

Your Account Isn't Verified!

In order to create a playlist on Sporcle, you need to verify the email address you used during registration. Go to your Sporcle Settings to finish the process.

Report this User

Report this user for behavior that violates our Community Guidelines.

Details: